Farm in Provence /

Bibliographic Details
Main Author: Bosco, Henri, 1888-1976
Other Authors: Savill, Mervyn
Format: Book
Language:English
French
Published: Garden City : Doubleday, 1947.
Edition:[1st American ed.].

MARC

Tag First Indicator Second Indicator Subfields
LEADER 00000cam a2200000 i 4500
001 in00000022316
005 20151007063938.0
008 751202s1947 nyu 00001 eng u
010 |a  47005762  
035 |a (OCoLC)01870402 
035 |9 AAD8667AM 
040 |c WHE  |d TXA  |d UtOrBLW 
041 1 |a eng  |a fre 
049 |a TXAM  |c [146625] 
050 0 |a PZ3.B651  |b Fam 
090 |a PQ2603.O627  |b F37 1947 
092 |a 843  |b B742f 
100 1 |a Bosco, Henri,  |d 1888-1976. 
245 1 0 |a Farm in Provence /  |c translated from the French by Mervyn Savill. 
250 |a [1st American ed.]. 
264 1 |a Garden City :  |b Doubleday,  |c 1947. 
300 |a 346 pages ;  |c 21 cm. 
336 |a text  |b txt  |2 rdacontent 
337 |a unmediated  |b n  |2 rdamedia 
338 |a volume  |b nc  |2 rdacarrier 
500 |a "Copyright 1946." 
500 |a London edition (F. Aldor) has title: The farm Theotime. 
700 1 |a Savill, Mervyn. 
999 |a MARS 
999 f f |s c9a856d0-1479-3146-8e30-bbf4b43c806d  |i 1986607f-d094-3efd-9627-ac355a477c98  |t 0 
952 f f |p ric  |a Texas A&M University  |b Rellis Campus  |c Joint Library Facility  |d Remote Storage  |t 0  |e PQ2603.O627 F37 1947  |h Library of Congress classification  |i unmediated -- volume  |m A14801367787 
998 f f |a PQ2603.O627 F37 1947  |t 0  |l Remote Storage